[Event "AUTO-ADV-574"]
[Site "http://www.queenalice.com/game.php?id=244124"]
[Date "2007.7.23"]
[Round "1"]
[White "avadiaev"]
[Black "IkeBroflovski"]
[Result "0-1"]
[WhiteElo "1824"]
[BlackElo "1596"]

1. e4 e6 2. c4 d5 3. exd5 exd5 4. d4 Bb4+ 5. Nc3 Ne7 6. Nf3 Bg4 7. a3 Bxc3+ 8.
bxc3 O-O 9. cxd5 Nxd5 10. c4 Re8+ 11. Be2 Nc3 0-1

[Event "AUTO-ADV-574"]
[Site "http://www.queenalice.com/game.php?id=244137"]
[Date "2007.7.23"]
[Round "1"]
[White "PapaC"]
[Black "avadiaev"]
[Result "1-0"]
[WhiteElo "1993"]
[BlackElo "1824"]

1. d4 d5 2. Nf3 Nc6 3. Bf4 Nf6 4. Nc3 Bf5 5. e3 Nb4 6. Rc1 a6 7. Nh4 Nxc2+ 8.
Rxc2 Bxc2 9. Qxc2 e6 10. Nf3 c6 11. e4 dxe4 12. Nxe4 Qa5+ 13. Bd2 Bb4 14. Nxf6+
gxf6 15. a3 Bxd2+ 16. Qxd2 Qxd2+ 17. Kxd2 Rg8 18. g3 Rd8 19. Kc3 Ke7 20. Bg2 f5
21. Re1 f4 22. Ne5 fxg3 23. hxg3 h5 24. Rh1 Rg5 25. Rh4 f6 26. Nd3 Rg4 27. Nc5
Rxh4 28. gxh4 Rg8 29. Bf3 Rb8 30. Bxh5 Rh8 31. Be2 Rxh4 32. Nxb7 Rh2 33. Bxa6
Rxf2 34. a4 f5 35. a5 Rf3+ 36. Bd3 Kd7 37. Nc5+ Kc7 38. Nxe6+ Kb7 39. Nd8+ Kc7
40. Ne6+ Kb7 41. Kb4 Ka7 42. Bc4 Re3 43. b3 Re4 44. Kc5 f4 45. Kxc6 f3 46. Ng5
Rf4 47. Nxf3 Rxf3 48. d5 Rf5 49. a6 Rf6+ 50. d6 Kb8 51. b4 Rf4 52. Bd5 Rxb4 53.
d7 1-0

[Event "AUTO-ADV-574"]
[Site "http://www.queenalice.com/game.php?id=244138"]
[Date "2007.7.23"]
[Round "1"]
[White "avadiaev"]
[Black "PapaC"]
[Result "0-1"]
[WhiteElo "1836"]
[BlackElo "1958"]

1. e4 Nc6 2. d4 d5 3. e5 Bf5 4. c3 Qd7 5. Qb3 Na5 6. Qb4 b6 7. Ba6 e6 8. Qb5
Qxb5 9. Bxb5+ c6 10. Ba6 f6 11. Nf3 Rb8 12. Be2 Be7 13. Bf4 Rc8 14. Nh4 Bxb1 15.
Rxb1 g5 16. exf6 Bxf6 17. Bg4 Kf7 18. Bxg5 Bxg5 19. Nf3 Bf6 20. O-O Nh6 21. Bh3
Nf5 22. Rfe1 Rce8 23. b3 Nb7 24. a4 Nbd6 25. Re2 Ne4 26. Rc1 Rhg8 27. c4 Nxd4
28. Nxd4 Bxd4 29. cxd5 cxd5 30. Rc7+ Re7 31. Rc6 Bxf2+ 32. Rxf2+ Nxf2 33. Kxf2
Rd8 34. Ke3 e5 35. Bg4 d4+ 0-1

[Event "AUTO-ADV-574"]
[Site "http://www.queenalice.com/game.php?id=244147"]
[Date "2007.7.23"]
[Round "1"]
[White "avadiaev"]
[Black "uri65"]
[Result "0-1"]
[WhiteElo "1653"]
[BlackElo "1822"]

1. e4 c5 2. Nf3 d6 3. d4 cxd4 4. Nxd4 Nf6 5. Nc3 g6 6. Be3 Bg7 7. Be2 O-O 8. Qd2
Nc6 9. f3 Nxd4 10. Bxd4 b6 11. Kf2 Bb7 0-1

[Event "AUTO-ADV-574"]
[Site "http://www.queenalice.com/game.php?id=244148"]
[Date "2007.7.23"]
[Round "1"]
[White "uri65"]
[Black "avadiaev"]
[Result "1-0"]
[WhiteElo "1831"]
[BlackElo "1644"]

1. e4 c5 2. f4 d6 3. Nf3 Nc6 4. Nc3 Nf6 5. Bc4 e6 6. O-O Be7 7. d3 O-O 8. e5
dxe5 9. fxe5 Nd7 10. Bf4 a6 11. Qd2 1-0

[Event "Challenge"]
[Site "http://www.queenalice.com/game.php?id=244187"]
[Date "2007.7.23"]
[Round "-"]
[White "avadiaev"]
[Black "KaspaBranca"]
[Result "0-1"]
[WhiteElo "1742"]
[BlackElo "2273"]

1. e4 e5 2. Nf3 Qe7 3. Bc4 a6 4. O-O b5 5. Bd5 c6 6. Bb3 d6 7. d4 exd4 8. Nxd4
g6 9. Re1 Bg7 10. Bf4 a5 11. a4 Qf6 12. Be3 b4 13. Nf3 Bg4 14. Nbd2 Nd7 15. Qc1
Qxb2 16. Qxb2 Bxb2 17. Rab1 Bc3 18. Red1 Ngf6 19. h3 Bxf3 20. Nxf3 Nxe4 21. Nd4
Ndc5 22. Nxc6 Nxb3 23. cxb3 Kd7 24. Nd4 Rhc8 25. Nb5 Be5 26. f3 Nc3 0-1

[Event "Challenge"]
[Site "http://www.queenalice.com/game.php?id=247354"]
[Date "2007.7.28"]
[Round "-"]
[White "avadiaev"]
[Black "Donyelko"]
[Result "0-1"]
[WhiteElo "1589"]
[BlackElo "1954"]

1. e4 e5 2. Nf3 Nc6 3. d4 exd4 4. Nxd4 Qf6 5. Nxc6 Qxc6 6. Bd3 Bc5 7. O-O Ne7 8.
Bg5 O-O 9. Nc3 f6 10. Bf4 Bd4 11. Qd2 Bxc3 12. Qxc3 Qxc3 13. bxc3 d6 14. Rab1 b6
15. Rfd1 Ng6 16. Be3 Bb7 17. a4 Rfe8 18. a5 Bxe4 19. a6 Bxd3 20. cxd3 Re5 21. d4
Ra5 22. Ra1 Rxa1 23. Rxa1 Ne7 24. c4 Nc6 25. Re1 Re8 26. Rb1 Nb8 27. Ra1 c5 28.
d5 Re4 29. Rc1 h6 30. Kf1 g5 31. Rc3 Re7 32. g4 Nxa6 0-1

[Event "Challenge"]
[Site "http://www.queenalice.com/game.php?id=247355"]
[Date "2007.7.28"]
[Round "-"]
[White "Donyelko"]
[Black "avadiaev"]
[Result "1-0"]
[WhiteElo "1934"]
[BlackElo "1793"]

1. d4 d5 2. c4 c6 3. Nc3 Nf6 4. Bg5 Bf5 5. Bxf6 exf6 6. c5 b6 7. b4 Be7 8. e3
O-O 9. Bd3 Bd7 10. Nf3 Bg4 11. O-O f5 12. Be2 Qc7 13. Ne5 Bxe2 14. Nxe2 f6 15.
Nd3 Na6 16. Nef4 Qd7 17. Re1 g5 18. Nh5 Nc7 19. f4 g4 20. Ng3 Qe8 21. Nxf5 Qf7
22. Nh6+ 1-0

[Event "Challenge"]
[Site "http://www.queenalice.com/game.php?id=251333"]
[Date "2007.8.5"]
[Round "-"]
[White "avadiaev"]
[Black "Blackadder"]
[Result "1-0"]
[WhiteElo "1802"]
[BlackElo "1866"]

1. e4 e5 2. Nf3 Nc6 3. d4 exd4 4. Nxd4 Nxd4 5. Qxd4 c5 6. Qe5+ Qe7 7. Bf4 d6 8.
Qd5 Nf6 9. Qc4 Qxe4+ 10. Qxe4+ Be7 11. Qd3 1-0

[Event "Challenge"]
[Site "http://www.queenalice.com/game.php?id=251334"]
[Date "2007.8.5"]
[Round "-"]
[White "Blackadder"]
[Black "avadiaev"]
[Result "1-0"]
[WhiteElo "1851"]
[BlackElo "1721"]

1. d4 f5 2. c4 Nf6 3. Nc3 e6 4. Bg5 Bb4 5. e3 O-O 6. Nf3 d6 7. Bd3 h6 8. Bxf6
Qxf6 9. O-O Nc6 10. a3 Bxc3 11. bxc3 e5 12. e4 f4 13. d5 Ne7 14. Rb1 Qg6 15. Kh1
Bg4 16. h3 Qh5 17. Kh2 g5 18. Rxb7 Rfc8 19. Be2 Bxf3 20. Bxf3 Qg6 21. Bg4 Rf8
22. Rxc7 Qh7 23. Be6+ Kh8 24. Qa4 h5 25. Qd7 Rae8 26. Qxd6 Qg7 27. Rb1 g4 28.
Rbb7 g3+ 29. Kg1 f3 30. Qc5 fxg2 31. f3 Rxf3 32. Rxe7 Rxe7 33. Rxe7 Rf1+ 34.
Kxg2 Rf2+ 35. Kg1 Qf8 36. Bf5 Rc2 37. Rh7+ 1-0